বিচিত্র তথ্যের সচিত্র সমাহার কিশোর বিজ্ঞান : (Record no. 12865)
[ view plain ]
| 000 -LEADER | |
|---|---|
| fixed length control field | 01039nam a2200253 a 4500 |
| 001 - CONTROL NUMBER | |
| JCCL Control Number | 12865 |
| 003 - CONTROL NUMBER IDENTIFIER | |
| JCCL marc code | BD-JhCC |
| 005 - DATE AND TIME OF LATEST TRANSACTION | |
| control field | 20230521125209.0 |
| 008 - FIXED-LENGTH DATA ELEMENTS--GENERAL INFORMATION | |
| fixed length control field | 230521s20222022b a|||| |||| 000 0 be d |
| 020 ## - INTERNATIONAL STANDARD BOOK NUMBER | |
| International Standard Book Number | 9789849438656 |
| 035 ## - SYSTEM CONTROL NUMBER | |
| system control number | (BD-JhCC)12865 |
| 040 ## - CATALOGING SOURCE | |
| Original cataloging agency | BD-JhCC |
| Modifying agency | BD-JhCC |
| 041 ## - LANGUAGE CODE | |
| Language code of Book | ben |
| 082 ## - DEWEY DECIMAL CLASSIFICATION NUMBER | |
| Classification number | 500 |
| Author mark and Year | BOS 2022 |
| 100 ## - MAIN ENTRY--PERSONAL NAME | |
| Personal name | বোসাঙ্কো, সুসান |
| 245 ## - TITLE STATEMENT | |
| Title | বিচিত্র তথ্যের সচিত্র সমাহার কিশোর বিজ্ঞান : |
| Remainder of title | দৈনন্দিন বিজ্ঞান / |
| Statement of responsibility, etc | সুসান বোসাঙ্কো, ডেভিড ল্যামবার্ট এবং রুথ মিজলি |
| 260 ## - PUBLICATION, DISTRIBUTION, ETC. (IMPRINT) | |
| Place of publication, distribution, etc | ঢাকা : |
| Name of publisher, distributor, etc | পাণ্ডুলিপি, |
| Date of publication, distribution, etc | ২০২২ |
| 300 ## - PHYSICAL DESCRIPTION | |
| Pagination | ৬৩ পৃ. : |
| Other physical details | চিত্রাবলী, |
| Dimensions | ২০ সেমি. |
| 650 ## - SUBJECT ADDED ENTRY--TOPICAL TERM | |
| Topical term or geographic name as entry element | Science |
| 650 ## - SUBJECT ADDED ENTRY--TOPICAL TERM | |
| Topical term or geographic name as entry element | Daily Science |
| 700 ## - ADDED ENTRY--PERSONAL NAME | |
| Personal name | ল্যামবার্ট, ডেভিড |
| 700 ## - ADDED ENTRY--PERSONAL NAME | |
| Personal name | মিজলি, রুথ |
| 942 ## - ADDED ENTRY ELEMENTS (KOHA) | |
| Source of classification or shelving scheme | Dewey Decimal Classification |
| Koha item type | Books |
| Source of classification or shelving scheme | Damaged status | Not for loan | Home library | Current library | Shelving location | Date of accession | Cost, normal purchase price | Total Checkouts | Full call number | Barcode | Date last seen | Copy number | Method of acquisition | Koha item type | Currency |
|---|---|---|---|---|---|---|---|---|---|---|---|---|---|---|---|
| Dewey Decimal Classification | JCC Rouf Library | JCC Rouf Library | General Stacks | 05/21/2023 | 135.00 | 500 BOS 2022 | 17784 | 05/21/2023 | C-1 | Purchase | Books | BDT |